000 00500nam a2200181Ia 4500
005 20250508152711.0
008 008 250505s9999 xx 000 0 eng d
037 _aTextual
040 _aFEDL
_beng
_cFEDL
041 _aeng
_2eng
084 _a354.54, SAN
_qFEDL
100 _aSanthanam K.
245 0 _aUnion-State relations in India
260 _aBombay, India
_bAsia Publishing House
_c1960
300 _aviii,71p.
942 _cTEXL
_h354.54, SAN
999 _c1338139
_d1338139